00678nam a2200205Ia 4500001001000000003000500010008004100015010001100056040000900067100002700076245016800103260003200271300001000303650004100313650003700354650002100391700002200412700002100434710001700455Para_8963CHAP220125s2004 xx 000 0 und d a207741 cCHAP aZimmermann, Helmuth G. aBiología, historia, amenaza, monitoreo y control de la palomilla del nopal, Cactoblastis cactorum /c por Helmuth G. Zimmerman, Stephanie Bloem y Hildegard Klein aMéxico, D.F. :b SAGARPA. a61 p. aCactoblastis castorum x Biología  aCactoblastis castorum x control aNopal x plagas  aBloem, Spethanie  aKlein, Hildegard aFAO/ SAGARPA